Licensing in international strategy : (Record no. 59706)
[ view plain ]
| 000 -LEADER | |
|---|---|
| fixed length control field | 00862nam a2200253 a 4500 |
| 001 - CONTROL NUMBER | |
| control field | 59706 |
| 003 - CONTROL NUMBER IDENTIFIER | |
| rucl marc code | BD-RjUL |
| 005 - DATE AND TIME OF LATEST TRANSACTION | |
| control field | 20211209080748.0 |
| 008 - FIXED-LENGTH DATA ELEMENTS--GENERAL INFORMATION | |
| fixed length control field | 170101s1985 ctua b 001 0 eng |
| 020 ## - INTERNATIONAL STANDARD BOOK NUMBER | |
| International Standard Book Number | 0899300243 (lib. bdg.) |
| 035 ## - SYSTEM CONTROL NUMBER | |
| System control number | (BD-RjUL)59830 |
| 040 ## - CATALOGING SOURCE | |
| Original cataloging agency | DLC |
| Transcribing agency | DLC |
| Modifying agency | DLC |
| Language of cataloging | eng |
| 041 ## - LANGUAGE CODE | |
| Language code of text/sound track or separate title | eng |
| 082 00 - DEWEY DECIMAL CLASSIFICATION NUMBER | |
| Classification number | 658.18 |
| Edition number | 23 |
| Author mark and year | COL 1985 |
| 100 1# - MAIN ENTRY--PERSONAL NAME | |
| Personal name | Contractor, Farok J. |
| 9 (RLIN) | 179982 |
| 245 10 - TITLE STATEMENT | |
| Title | Licensing in international strategy : |
| Remainder of title | a guide for planning and negotiations / |
| Statement of responsibility, etc. | Farok J. Contractor. |
| 260 ## - PUBLICATION, DISTRIBUTION, ETC. (IMPRINT) | |
| Place of publication, distribution, etc. | Westport, Conn. : |
| Name of publisher, distributor, etc. | Quorum Books, |
| Date of publication, distribution, etc. | 1985. |
| 300 ## - PHYSICAL DESCRIPTION | |
| Pagination | xix, 254 p. : |
| Illustrations | ill. ; |
| Size | 24 cm. |
| 504 ## - BIBLIOGRAPHY, ETC. NOTE | |
| Bibliography, etc | Includes Bibliography: p. [243]-249. and index. |
| 650 #0 - SUBJECT ADDED ENTRY--TOPICAL TERM | |
| Topical term or geographic name as entry element | Foreign licensing agreements |
| General subdivision | Cost effectiveness. |
| 9 (RLIN) | 179983 |
| Topical term or geographic name as entry element | Technology transfer |
| General subdivision | Cost effectiveness. |
| 9 (RLIN) | 179984 |
| 942 ## - ADDED ENTRY ELEMENTS (KOHA) | |
| Source of classification or shelving scheme | Dewey Decimal Classification |
| Koha item type | Books |
| Lost status | Source of classification or shelving scheme | Damaged status | Not for loan | Collection code | Permanent Location | Current Location | Shelving location | Date acquired | Source of acquisition | Cost, normal purchase price | Total Checkouts | Full call number | Date last seen | Copy number | Koha item type |
|---|---|---|---|---|---|---|---|---|---|---|---|---|---|---|---|
| Dewey Decimal Classification | Not For Loan | Non-fiction | Central Library, University of Rajshahi | Central Library, University of Rajshahi | Reading Room | 24/09/1991 | Abacus books, london | 51.25 | 658.18 COL 1985 | 01/01/2017 | C-1 | Books |